Candidats des Anges de la télé réalité (Saison 1 à 12) - Statistiques

Statistiques générales
  • Ce quiz a été pris 4 038 fois
    3 243 depuis la dernière actualisation
  • Le résultat moyen est 142 sur 323
Statistiques - réponses
Saison Candidats % Correct
Les Vacances des Anges 3 | Les vacances des Anges 2 | Saison 10 | +4 others Sarah
88%
Les Vacances des Anges 3 | Les vacances des Anges 2 | Saison 10 | +3 others Thomas
88%
Les vacances des Anges 1 | Les vacances des Anges 2 | Saison 1 | +6 others Amélie
87%
Les vacances des Anges 1 | Saison 11 | Saison 4 | +2 others Aurélie
86%
Les Vacances des Anges 3 | Les vacances des Anges 1 | Saison 2 Julie
84%
Saison 4 | Saison 5 Nabilla
81%
Les Vacances des Anges 3 | Saison 11 Raphaël
78%
Saison 12 Eddy
77%
Les vacances des Anges 1 | Les vacances des Anges 2 | Saison 10 | +3 others Raphaël
76%
Les vacances des Anges 2 | Saison 8 | Saison 9 Mélanie
75%
Les vacances des Anges 1 | Saison 10 | Saison 6 | +2 others Eddy
74%
Les Vacances des Anges 3 | Les vacances des Anges 1 | Les vacances des Anges 2 | +3 others Frédérique
74%
Les vacances des Anges 1 | Saison 11 | Saison 6 | Saison 9 Julien
69%
Les vacances des Anges 1 | Saison 10 | Saison 6 | Saison 7 Anaïs
68%
Les vacances des Anges 1 | Saison 10 | Saison 6 | Saison 7 Shanna
68%
Les vacances des Anges 2 | Saison 10 | Saison 7 | Saison 9 Vincent
68%
Les vacances des Anges 1 | Saison 6 | Saison 7 Thibault
67%
Les vacances des Anges 2 | Saison 7 | Saison 8 Coralie
65%
Les vacances des Anges 1 | Saison 4 | Saison 5 Marie
64%
Saison 8 | Saison 9 Milla
64%
Les vacances des Anges 2 | Saison 12 | Saison 9 Rawell
64%
Saison 8 Ricardo
64%
Les vacances des Anges 2 | Saison 12 | Saison 9 Rania
63%
Saison 4 | Saison 9 Anthony
62%
Les vacances des Anges 2 | Saison 9 Kim
62%
Saison 8 Nehuda
62%
Saison 11 Benjamin
57%
Les vacances des Anges 1 | Saison 3 | Saison 5 | Saison 6 Benjamin
56%
Saison 7 Jon
55%
Saison 8 Nadège
53%
Saison 8 Nicolas
53%
Saison 1 | Saison 2 | Saison 9 Senna
53%
Saison 5 Capucine
52%
Les Vacances des Anges 3 | Les vacances des Anges 1 | Les vacances des Anges 2 | +4 others Barbara
51%
Saison 11 Vivian
51%
Les vacances des Anges 2 | Saison 10 | Saison 9 Jordan
50%
Les vacances des Anges 1 | Saison 12 | Saison 2 | +3 others Sofiane
50%
Les vacances des Anges 1 | Saison 7 Vivian
50%
Saison 8 Jazz
49%
Saison 11 Hillary
47%
Les Vacances des Anges 3 | Saison 11 Léana
47%
Les Vacances des Anges 3 | Les vacances des Anges 1 | Saison 6 | Saison 7 Linda
47%
Saison 8 Nikola
47%
Les Vacances des Anges 3 | Les vacances des Anges 2 | Saison 10 Jaja
45%
Saison 10 Léana
45%
Saison 4 | Saison 5 Geoffrey
44%
Les vacances des Anges 2 | Saison 12 | Saison 2 | Saison 9 Jonathan
44%
Saison 11 | Saison 12 | Saison 5 | Saison 6 Vanessa
44%
Saison 11 | Saison 12 Illan
42%
Saison 7 Jessica
42%
Saison 4 | Saison 7 Julia
41%
Saison 11 | Saison 12 Océane
41%
Les vacances des Anges 1 | Les vacances des Anges 2 | Saison 1 | +3 others Astrid
39%
Saison 5 | Saison 6 Maude
39%
Saison 11 | Saison 12 Tiffany
39%
Les vacances des Anges 1 | Saison 12 | Saison 3 Kévin
38%
Saison 10 | Saison 3 | Saison 9 Emilie
37%
Les vacances des Anges 1 | Saison 7 Nathalie
37%
Les Vacances des Anges 3 | Saison 8 Andréane
36%
Saison 9 Luna
36%
Saison 10 Maddy
36%
Saison 12 Virgil
36%
Saison 5 | Saison 9 Alban
35%
Saison 8 Jeff
35%
Saison 10 Manon
34%
Saison 11 Sephora
34%
Saison 6 Benoît
32%
Saison 8 Dimitri
32%
Saison 12 Cloé
31%
Les vacances des Anges 1 | Saison 5 Samir
31%
Saison 11 Stéphanie
31%
Saison 10 Adrien
30%
Les vacances des Anges 2 | Saison 9 Carl
30%
Saison 12 Chani
30%
Saison 3 Stéphanie
30%
Les vacances des Anges 2 | Saison 6 Kelly
29%
Les Vacances des Anges 3 | Saison 10 | Saison 11 Rémi
29%
Saison 11 Beverly
28%
Les vacances des Anges 1 | Saison 2 Caroline
28%
Saison 11 Jelena
28%
Les vacances des Anges 1 | Saison 3 Kamel
27%
Saison 2 | Saison 9 Loana
27%
Saison 12 | Saison 9 Anissa
26%
Saison 9 Haneia
26%
Saison 11 | Saison 2 Marvin
25%
Saison 11 Nathanya
25%
Saison 6 Nelly
25%
Saison 7 Micha
24%
Saison 12 Sébastien
24%
Saison 11 Nicolo
23%
Saison 11 Céline
22%
Saison 6 Dania
21%
Les vacances des Anges 1 | Saison 1 | Saison 2 Diana
21%
Saison 6 Jeremstar
21%
Saison 10 | Saison 7 Steven
21%
Saison 12 Matthieu
20%
Saison 9 Mickaël
20%
Saison 4 Bruno
19%
Saison 5 Marc
19%
Saison 10 Charles
18%
Saison 11 Montaine
18%
Saison 9 Nesma
18%
Saison 10 Claire
17%
Saison 2 Daniela
17%
Saison 11 | Saison 12 Jérémy
17%
Saison 4 Mohamed
17%
Saison 4 Catherine
16%
Les Vacances des Anges 3 | Saison 11 Pascal
16%
Saison 12 Rémy
16%
Saison 10 Tristan
16%
Saison 12 Angelique
15%
Saison 9 Evy
15%
Les Vacances des Anges 3 Florian
15%
Saison 2 Monia
15%
Les Vacances des Anges 3 Sabrina
15%
Les Vacances des Anges 3 Tressia
15%
Les vacances des Anges 2 | Saison 10 Florian
14%
Saison 11 Kentin
14%
Saison 3 Mathieu
14%
Saison 1 Steevy
14%
Les Vacances des Anges 3 | Saison 11 Elisa
13%
Saison 11 Emy
13%
Les vacances des Anges 2 Neymar
13%
Saison 7 Somayeh
13%
Saison 8 Tarek
13%
Saison 12 Yumee
13%
Saison 2 Brandon
12%
Les Vacances des Anges 3 Bryan
12%
Les Vacances des Anges 3 | Saison 11 Dominique
12%
Saison 1 John-David
12%
Saison 1 | Saison 3 Marlène
12%
Saison 11 Oxanna
12%
Les vacances des Anges 1 | Saison 3 Guillaume
11%
Saison 11 Liam
11%
Les vacances des Anges 1 Livia
11%
Les vacances des Anges 1 | Saison 3 | Saison 4 Myriam Abel
11%
Saison 11 Oussama
11%
Saison 11 Romain
11%
Les Vacances des Anges 3 Zaven
11%
Saison 8 Amandine
10%
Les vacances des Anges 2 Clément
10%
Saison 9 Giuseppe
10%
Saison 5 Mike
10%
Saison 6 Naïs
10%
Les vacances des Anges 2 Sanaya
10%
Saison 11 Selim
10%
Saison 3 Carine
9%
Saison 6 Christie
9%
Saison 1 Cindy Sander
9%
Saison 12 Hagda
9%
Saison 11 Liyah
9%
Saison 11 Mehdi
9%
Les Vacances des Anges 3 Yamina
9%
Saison 3 Annaelle
8%
Saison 6 Latifa
8%
Les Vacances des Anges 3 Corentin
7%
Saison 7 Corinne
7%
Saison 11 Abel
6%
Saison 11 Connor
6%
Saison 9 Ellen
6%
Les Vacances des Anges 3 | Saison 11 Yoann
6%
Saison 11 Alain
5%
Saison 9 Apryl
5%
Saison 9 Laury
5%
Les vacances des Anges 2 Tony
5%
Saison 11 Anastasiya
4%
Les Vacances des Anges 3 Cassandre
4%
Saison 3 Mickaël Vendetta
4%
Saison 9 Rawdolff
4%
Les Vacances des Anges 3 Marvyn
3%
Aucun quiz correspondant
Distribution des résultats
% des personnes avec chaque résultat
Percentile par nombre de réponses
Votre historique - résultats
Vous n’avez pas pris ce quiz depuis la dernière actualisation